Catholic University of Zimbabwe Library
Online Public Access Catalogue
(OPAC)

His Brother's Blood (Record no. 24596)

MARC details
000 -LEADER
fixed length control field 03029cam a22004814a 4500
001 - CONTROL NUMBER
control field muse47534
003 - CONTROL NUMBER IDENTIFIER
control field MdBmJHUP
005 - DATE AND TIME OF LATEST TRANSACTION
control field 20210127151109.0
006 - FIXED-LENGTH DATA ELEMENTS--ADDITIONAL MATERIAL CHARACTERISTICS
fixed length control field m o d
007 - PHYSICAL DESCRIPTION FIXED FIELD--GENERAL INFORMATION
fixed length control field cr||||||||nn|n
008 - FIXED-LENGTH DATA ELEMENTS--GENERAL INFORMATION
fixed length control field 150824r20152015ncu o 00 0 eng d
020 ## - INTERNATIONAL STANDARD BOOK NUMBER
International Standard Book Number 9780944318744
020 ## - INTERNATIONAL STANDARD BOOK NUMBER
Canceled/invalid ISBN 9780944318737
035 ## - SYSTEM CONTROL NUMBER
System control number (OCoLC)919234447
040 ## - CATALOGING SOURCE
Original cataloging agency MdBmJHUP
Transcribing agency MdBmJHUP
050 #4 - LIBRARY OF CONGRESS CALL NUMBER
Classification number PR6015.O687
Item number .H573 2015
100 1# - MAIN ENTRY--PERSONAL NAME
Personal name Hornung, E. W.
Fuller form of name (Ernest William),
Dates associated with a name 1866-1921,
Relator term author.
245 10 - TITLE STATEMENT
Title His Brother's Blood
Remainder of title The Last (Unfinished) Novel /
Statement of responsibility, etc. E.W. Hornung ; Peter Rowland, editor.
264 #1 - PRODUCTION, PUBLICATION, DISTRIBUTION, MANUFACTURE, AND COPYRIGHT NOTICE
Name of producer, publisher, distributor, manufacturer Project Muse,
264 #3 - PRODUCTION, PUBLICATION, DISTRIBUTION, MANUFACTURE, AND COPYRIGHT NOTICE
Name of producer, publisher, distributor, manufacturer Project MUSE,
300 ## - PHYSICAL DESCRIPTION
Extent 1 online resource (xv, 111 pages.)
490 0# - SERIES STATEMENT
Series statement 1880-1920 British authors series ;
Volume/sequential designation number thirty
500 ## - GENERAL NOTE
General note Issued as part of book collections on Project MUSE.
504 ## - BIBLIOGRAPHY, ETC. NOTE
Bibliography, etc. note Includes bibliographical references.
506 0# - RESTRICTIONS ON ACCESS NOTE
Terms governing access Open Access
Standardized terminology for access restriction Unrestricted online access
Source of term star
520 ## - SUMMARY, ETC.
Summary, etc. At the turn of the nineteenth century into the twentieth, hearts would have beat a little faster with word of a new novel by E. W. Hornung, one of the most widely read writers of the time, a born story-teller with an abundance of plots and, invariably, a trick up his sleeve. His A. J. Raffles stories rivaled Conan Doyle's Sherlock Cover His Brother's BloodHolmes in popularity. That new novel is His Brother s Blood, a Cain and Abel tale with a different cast of light. It took shape during the fifteen months preceding his death. Hornung believed it would out-do all his other novels. Sadly, he died too soon to complete the task. With permission of the Hornung family, Hornung s biographer Peter Rowland has transcribed the 20,000-word manuscript, the six exciting chapters, housed in Cadbury Research Library, University of Birmingham. He also includes an Introduction and an Afterword. It offers convincing details on how the plot may have been intended to develop and come to a surprising resolution. In the Internet age nearly all of Hornung s fiction is available. Once again general readers and critics are interested in this stylish, sensitive writer. They will find His Brother s Blood: The Last (Unfinished) Novel a great read, every bit Hornung.
588 ## - SOURCE OF DESCRIPTION NOTE
Source of description note Description based on print version record.
655 #0 - INDEX TERM--GENRE/FORM
Genre/form data or focus term Electronic books.
655 #7 - INDEX TERM--GENRE/FORM
Genre/form data or focus term Electronic books.
Source of term local
700 1# - ADDED ENTRY--PERSONAL NAME
Personal name Rowland, Peter,
Dates associated with a name 1938-
Relator term editor.
710 2# - ADDED ENTRY--CORPORATE NAME
Corporate name or jurisdiction name as entry element Project Muse,
Relator term distributor.
776 18 - ADDITIONAL PHYSICAL FORM ENTRY
Relationship information Print version:
Record control number (DLC) 2015940668
International Standard Book Number 9780944318737
710 2# - ADDED ENTRY--CORPORATE NAME
Corporate name or jurisdiction name as entry element Project Muse.
Relator term distributor
830 #0 - SERIES ADDED ENTRY--UNIFORM TITLE
Uniform title 1880-1920 British authors series ;
Volume/sequential designation no. 30.
830 #0 - SERIES ADDED ENTRY--UNIFORM TITLE
Uniform title Book collections on Project MUSE.
856 40 - ELECTRONIC LOCATION AND ACCESS
Public note Full text available:
Uniform Resource Identifier <a href="https://muse.jhu.edu/book/41551/">https://muse.jhu.edu/book/41551/</a>
945 ## - LOCAL PROCESSING INFORMATION (OCLC)
a Project MUSE - 2015 Complete
945 ## - LOCAL PROCESSING INFORMATION (OCLC)
a Project MUSE - 2015 Literature
Holdings
Withdrawn status Lost status Source of classification or shelving scheme Damaged status Not for loan Home library Current library Shelving location Date acquired Total Checkouts Full call number Date last seen Uniform Resource Identifier Price effective from Koha item type
          Digital Library Digital Library Online Access 27.01.2021   PR6015.O687 .H573 2015 27.01.2021 https://muse.jhu.edu/book/41551/ 27.01.2021 eBook

OPENING HOURS

Weekdays: 0815hrs - 1800hrs
Weekends:0900hrs - 1200hrs

Closed for Mass:

Mon, Thur: 1200hrs - 1300hrs
Sunday & Public Holiday’s

CALL SUPPORT

0242-570570, 0242-570169
09200664, +263 8644140602

LOCATION

18443, Cranborne Avenue, Hatfield, Harare

Other Links


©2021 | CUZ Library